Central Library OPAC University of Rajshahi

Judicial methods / (Record no. 4429)

MARC details
000 -LEADER
fixed length control field 01074cam a2200313 4500
001 - CONTROL NUMBER
control field 4429
003 - CONTROL NUMBER IDENTIFIER
rucl marc code BD-RjUL
005 - DATE AND TIME OF LATEST TRANSACTION
control field 20211208233906.0
008 - FIXED-LENGTH DATA ELEMENTS--GENERAL INFORMATION
fixed length control field 131222s1970 ii c 000 0 eng
035 ## - SYSTEM CONTROL NUMBER
System control number (BD-RjUL)4464
040 ## - CATALOGING SOURCE
Original cataloging agency DLC
Transcribing agency DLC
Modifying agency DLC
Language of cataloging eng
041 ## - LANGUAGE CODE
Language code of text/sound track or separate title eng
082 ## - DEWEY DECIMAL CLASSIFICATION NUMBER
Edition number 16
Classification number 347.904
Author mark and year HIJ 1970
100 1# - MAIN ENTRY--PERSONAL NAME
Personal name Hidayatullah, M.,
Dates associated with a name 1905-
9 (RLIN) 14001
245 10 - TITLE STATEMENT
Title Judicial methods /
Statement of responsibility, etc. M. Hidayatullah.
250 ## - EDITION STATEMENT
Edition statement [1st ed.]
260 ## - PUBLICATION, DISTRIBUTION, ETC. (IMPRINT)
Place of publication, distribution, etc. Delhi :
Name of publisher, distributor, etc. Published for the Institute of Constitutional and Parliamentary Studies [by] National [Pub. House,
Date of publication, distribution, etc. 1970
300 ## - PHYSICAL DESCRIPTION
Pagination 48 p.
Illustrations port.
Size 22 cm.
350 ## - PRICE (NR) (BK AM CF MU VM SE) [OBSOLETE]
Price Rs7.50
500 ## - GENERAL NOTE
General note Lecture delivered under the auspices of the Institute of Constitutional and Parliamentary Studies.
526 ## - STUDY PROGRAM INFORMATION NOTE
Requested Dept. Political Science
650 #0 - SUBJECT ADDED ENTRY--TOPICAL TERM
Topical term or geographic name as entry element Judges.
9 (RLIN) 14003
Topical term or geographic name as entry element Judicial process.
9 (RLIN) 14004
710 2# - ADDED ENTRY--CORPORATE NAME
Corporate name or jurisdiction name as entry element Institute of Constitutional and Parliamentary Studies (New Delhi, India)
9 (RLIN) 14005
942 ## - ADDED ENTRY ELEMENTS (KOHA)
Source of classification or shelving scheme Dewey Decimal Classification
Koha item type Books
Holdings
Lost status Source of classification or shelving scheme Damaged status Not for loan Collection code Permanent Location Current Location Shelving location Date acquired Source of acquisition Cost, normal purchase price Total Checkouts Full call number Date last seen Copy number Koha item type
  Dewey Decimal Classification   Not For Loan Non-fiction Central Library, University of Rajshahi Central Library, University of Rajshahi Reading Room 19/06/1974 India Gov. gift 0.00   347.904 HIJ 1970 22/12/2013 C-1 Books